| 000 | 00743nam a2200205 a 4500 | ||
|---|---|---|---|
| 001 | 000024172 | ||
| 005 | 20200930022758.0 | ||
| 008 | 110119s1987 mx ac r 000 0 spa d | ||
| 020 | _a9684093551 | ||
| 040 |
_aDO-SdBNP _bspa _cBNPHu |
||
| 082 |
_axxxxx _bM478o |
||
| 100 | 1 |
_aMc Farland, Gerald _949637 |
|
| 245 | 1 | 3 |
_aEl oeste : _bsueño americano, historia de cuatro familias típicas de los E.U.A. / _cGerald Mc Farland ; traducción Ela Colmenares de Gedovius. |
| 260 |
_aMéxico, D. F. : _bEDAMEX, _c1987. |
||
| 300 |
_a290 p. : _bil., retrs. ; _c21 cm. |
||
| 500 | _aIncluye referencia biográfica del autor en la contracubierta. | ||
| 534 | _aA scattered people | ||
| 700 | 1 |
_aColmenares de Gedovius, Ela, _etr. _949638 |
|
| 049 | _aBNGR | ||
| 999 |
_c23666 _d23666 |
||